000 05052nam a2200397 a 4500
003 CHAP
005 20250130180616.0
007 ta
008 250130s2013 -usado|fr|||| 001 0 eng d
020 _a978-1-936504-31-2
020 _a978-1-939200-47-1
040 _amxchpua
_cCHAP
_erda
041 _aeng
_beng
_feng
_heng
050 1 0 _aQC915
_b.G38 2013
082 0 0 _a551.5710287
_bG38 2013
100 1 _aGatley, Donald P.
_9190009
245 1 0 _aUnderstanding psychrometrics /
_cDonald P. Gatley
250 _a3a edición
264 _aAtlanta, GA, USA :
_bASHRAE,
_c2013
300 _axvi, 383 páginas :
_bilustraciones, gráficas, diagramas, tablas, fotos
336 _2rdacontent
_atexto
_btxt
337 _2rdamedia
_asin medio
_bn
338 _2rdacarrier
_avolumen
_bnc
504 _aBibliografía: páginas 365-370
505 0 _aPreface -- Introduction -- 1. Psychrometric properties -- 2. Basic psychrometric processes -- 3. Processes in meteorology -- 4. Additional information -- Appendices -- Glossary -- Bibliography -- Index -- Conversion equalities: I-P to SI Units.
520 2 _aUnderstanding Psychrometrics serves as a lifetime reference manual and basic refresher course for those who use psychrometrics on a recurring basis and provides a four- to six-hour psychrometrics learning module to students; air-conditioning designers; agricultural, food process, and industrial process engineers; meteorologists and others. New in the Third Edition • Revised chapters for wet-bulb temperature and relative humidity and a revised Appendix V that includes a summary of ASHRAE Research Project RP-1485. • New constants for the universal gas constant based on CODATA and a revised molar mass of dry air to account for the increase of CO2 in Earth's atmosphere. • New IAPWS models for the calculation of water properties above and below freezing. • New tables based on the ASHRAE RP-1485 real moist-air numerical model using the ASHRAE LibHuAirProp add-ins for Excel®, MATLAB®, Mathcad®, and EES®. Includes Access to Bonus Materials and Sample Software • PDF files of 13 ultra-high-pressure and 12 existing ASHRAE psychrometric charts plus three new 0ºC to 400ºC charts. • A limited demonstration version of the ASHRAE LibHuAirProp add-in that allows users to duplicate portions of the real moist-air psychrometric tables in the ASHRAE Handbook—Fundamentals for both standard sea level atmospheric pressure and pressures from 5 to 10,000 kPa. • The hw.exe program from the second edition, included to enable users to compare the 2009 ASHRAE numerical model real moist-air psychrometric properties with the 1983 ASHRAE-Hyland-Wexler properties. Understanding Psychrometrics serves as a lifetime reference manual and basic refresher course for those who use psychrometrics on a recurring basis and provides a four- to six-hour psychrometrics learning module to students; air-conditioning designers; agricultural, food process, and industrial process engineers; meteorologists and others. New in the Third Edition • Revised chapters for wet-bulb temperature and relative humidity and a revised Appendix V that includes a summary of ASHRAE Research Project RP-1485. • New constants for the universal gas constant based on CODATA and a revised molar mass of dry air to account for the increase of CO2 in Earth's atmosphere. • New IAPWS models for the calculation of water properties above and below freezing. • New tables based on the ASHRAE RP-1485 real moist-air numerical model using the ASHRAE LibHuAirProp add-ins for Excel®, MATLAB®, Mathcad®, and EES®. Includes Access to Bonus Materials and Sample Software • PDF files of 13 ultra-high-pressure and 12 existing ASHRAE psychrometric charts plus three new 0ºC to 400ºC charts. • A limited demonstration version of the ASHRAE LibHuAirProp add-in that allows users to duplicate portions of the real moist-air psychrometric tables in the ASHRAE Handbook—Fundamentals for both standard sea level atmospheric pressure and pressures from 5 to 10,000 kPa. • The hw.exe program from the second edition, included to enable users to compare the 2009 ASHRAE numerical model real moist-air psychrometric properties with the 1983 ASHRAE-Hyland-Wexler properties.
650 1 3 _aParámetros meteorológicos
_2atg
_9144138
650 1 7 _aHigrometría
_2atg
_955351
650 1 3 _aHumedad
_2atg
_956876
650 1 3 _aMeteorological parameters
_2atg
_9190012
650 1 3 _aHygrometry
_2atg
_9190010
650 1 3 _aHumidity
_9190011
856 4 0 _uhttps://azaranstore.com/download/articles/157%20Psychrometrics%20ASHRAE.pdf
_yCONSULTAR LIBRO EN LINEA
856 4 0 _uhttps://viewer.ebscohost.com/EbscoViewerService/ebook?an=786062&callbackUrl=https%3a%2f%2fresearch.ebsco.com&db=nlebk&format=EB&profId=eds&lpid=&ppid=&lang=es&location=https%3a%2f%2fresearch.ebsco.com%2fc%2f4mvtt6%2fsearch%2fdetails%2f6rhnze5cif%3fdb%3dnlebk&isPLink=False&requestContext=&profileIdentifier=4mvtt6&recordId=6rhnze5cif
_yCONSULTAR LIBRO EN EBSCO
942 _2ddc
_cLIBRO
999 _c220414
_d220414